La relación de dependencia en el caso de los médicos anestesiólogos, a propósito del fallo "Carione" (Registro nro. 18676)

Detalles MARC
000 -LEADER
fixed length control field 00378 a2200109 4500
001 - CONTROL NUMBER
control field ART_40088
005 - DATE AND TIME OF LATEST TRANSACTION
control field 20260410161740.0
008 - FIXED-LENGTH DATA ELEMENTS--GENERAL INFORMATION
fixed length control field 260409a
100 1# - MAIN ENTRY--PERSONAL NAME
Personal name Vidal, Verónica
245 10 - TITLE STATEMENT
Title La relación de dependencia en el caso de los médicos anestesiólogos, a propósito del fallo "Carione"
773 0# - HOST ITEM ENTRY
Title Doctrina laboral
Related parts - Nº 372 (ago. 2016)
Record control number REV4049

No hay ítems disponibles.